Statistics for Tour de France last ten years top ten

Click here to take the quiz!

General Stats

  • This quiz has been taken 1,801 times
    (1,483 since last reset)
  • The average score is 64 of 100

Answer Stats

YearClassificationTeamNationalityAnswer% Correct
3//cancelled
99%
3//cancelled
99%
4//cancelled
99%
20131SkyGreat BritainChristopher Froome
99%
2SkyGreat BritainChristopher Froome
99%
20151SkyGreat BritainChristopher Froome
99%
20091AstanaSpainAlberto Contador
95%
4Saxo-TinkoffSpainAlberto Contador
95%
20071Discovery ChannelSpainAlberto Contador
95%
5Tinkoff-SaxoSpainAlberto Contador
95%
3LiquigasItalyVincenzo Nibali
95%
7LiquigasItalyVincenzo Nibali
95%
20141AstanaItalyVincenzo Nibali
95%
4AstanaItalyVincenzo Nibali
95%
2MovistarColombiaNairo Quintana
94%
2MovistarColombiaNairo Quintana
94%
3MovistarSpainAlejandro Valverde
92%
6Caisse d'épargneSpainAlejandro Valverde
92%
4MovistarSpainAlejandro Valverde
92%
8Caisse d'épargneSpainAlejandro Valverde
92%
8MovistarSpainAlejandro Valverde
92%
2Leopard-TrekLuxembourgAndy Schleck
88%
2SaxoLuxembourgAndy Schleck
88%
20101SaxoLuxembourgAndy Schleck
88%
10CSCLuxembourgFrank Schleck
88%
5CSCLuxembourgFrank Schleck
88%
5SaxoLuxembourgFrank Schleck
88%
3Leopard-TrekLuxembourgFrank Schleck
88%
4GarminGreat BritainBradley Wiggins
87%
20121SkyGreat BritainBradley Wiggins
87%
4Davitamon-LottoAustraliaCadel Evans
87%
2Predictor-LottoAustraliaCadel Evans
87%
2Silence-LottoAustraliaCadel Evans
87%
7BMCAustraliaCadel Evans
87%
20111BMCAustraliaCadel Evans
87%
6AG2R La MondialeFranceRomain Bardet
83%
9AG2R La MondialeFranceRomain Bardet
83%
3FDJ.FRFranceThibaut Pinot
83%
10FDJFranceThibaut Pinot
83%
4EuropcarFranceThomas Voeckler
73%
5BMCUSATejay Van Garderen
72%
5BMCUSATejay Van Garderen
72%
7TrekNetherlandsBauke Mollema
71%
10BelkinNetherlandsBauke Mollema
71%
6BelkinNetherlandsBauke Mollema
71%
20081CSCSpainCarlos Sastre
68%
4CSCSpainCarlos Sastre
68%
3CSCSpainCarlos Sastre
68%
7KatushaSpainJoaquin Rodriguez
67%
3KatushaSpainJoaquin Rodriguez
67%
8EuropcarFrancePierre Rolland
66%
10EuropcarFrancePierre Rolland
66%
10EuropcarFrancePierre Rolland
66%
9LiquigasCzech RepublicRoman Kreuziger
58%
8LiquigasCzech RepublicRoman Kreuziger
58%
5Saxo-TinkoffCzech RepublicRoman Kreuziger
58%
2AG2R La MondialeFranceJean-Christophe Péraud
57%
9AG2R La MondialeFranceJean-Christophe Péraud
57%
10Caisse d'épargneSpainLuis Leon Sanchez
56%
5EuskaltelSpainSamuel Sanchez
56%
6EuskaltelSpainSamuel Sanchez
56%
2EuskaltelSpainSamuel Sanchez
56%
20061Caisse d'épargneSpainOscar Pereiro
54%
10Caisse d'épargneSpainOscar Pereiro
54%
5RabobankRussiaDenis Menchov
53%
3RabobankRussiaDenis Menchov
53%
5RabobankNetherlandsRobert Gesink
53%
6Lotto NL - JumboNetherlandsRobert Gesink
53%
7AstanaDenmarkJakob Fuglsang
52%
7LiquigasItalyIvan Basso
49%
9BelkinNetherlandsLaurens Ten Dam
46%
3Omega Pharma LottoBelgiumJurgen Van den Broeck
45%
4Lotto-BelisolBelgiumJurgen Van den Broeck
45%
8IAMSwitzerlandMathias Frank
45%
2T-MobileGermanyAndreas Klöden
44%
6AstanaGermanyAndreas Klöden
44%
6GarminCanadaRyder Hesjedal
44%
6RadioshackSpainHaimar Zubeldia
43%
8Trek FactorySpainHaimar Zubeldia
43%
5EuskaltelSpainHaimar Zubeldia
43%
8EuskaltelSpainHaimar Zubeldia
43%
6LampreItalyDamiano Cunego
41%
7Netapp-EnduraCzech RepublicLeopold Konig
36%
9CofidisSpainDaniel Navarro
33%
7T-MobileLuxembourgKim Kirchen
33%
7ColumbiaLuxembourgKim Kirchen
33%
9RadioshackUSAChristopher Horner
32%
10Garmin-SharpUSAAndrew Talansky
29%
8GarminUSAChristian Vande Velde
27%
4GarminUSAChristian Vande Velde
27%
7AG2R PrévoyanceFranceChristophe Moreau
27%
9AstanaSloveniaJanez Brajkovic
27%
8Discovery ChannelUkraineYaroslav Popovych
27%
9T-MobileAustraliaMichael Rogers
23%
8Garmin-CervéloUSAThomas Danielson
19%
10La Française des JeuxFranceChristophe Le Mével
17%
6AG2R PrévoyanceFranceCyril Dessel
17%
9AG2R La MondialeSloveniaTadej Valjavec
16%
10AG2R La MondialeRussiaVladimir Efimkin
14%
9EuskaltelSpainMikel Astarloza
11%

Score Distribution

Percentile by Number Answered

Percent of People with Each Score

Your Score History

You have not taken this quiz since the last reset